The book of forms : (Record no. 4304)

MARC details
000 -LEADER
fixed length control field 00696cam a2200217 4500
001 - CONTROL NUMBER
control field 5139
005 - DATE AND TIME OF LATEST TRANSACTION
control field 20181127174850.0
008 - FIXED-LENGTH DATA ELEMENTS--GENERAL INFORMATION
fixed length control field 990714s2000 nhu b 001 0 eng
010 ## - LIBRARY OF CONGRESS CONTROL NUMBER
LC control number 99039099
020 ## - INTERNATIONAL STANDARD BOOK NUMBER
International Standard Book Number 1584650222 (pbk. : alk. paper)
100 1# - MAIN ENTRY--PERSONAL NAME
Personal name Turco, Lewis.
245 14 - TITLE STATEMENT
Title The book of forms :
Remainder of title a handbook of poetics /
Statement of responsibility, etc. Lewis Turco.
250 ## - EDITION STATEMENT
Edition statement 3rd ed.
260 ## - PUBLICATION, DISTRIBUTION, ETC.
Place of publication, distribution, etc. Hanover, NH :
Name of publisher, distributor, etc. University Press of New England,
Date of publication, distribution, etc. c2000.
300 ## - PHYSICAL DESCRIPTION
Extent xi, 337 p. ;
Dimensions 19 cm.
504 ## - BIBLIOGRAPHY, ETC. NOTE
Bibliography, etc. note Includes bibliographical references (p. [303]-307) and index.
650 #0 - SUBJECT ADDED ENTRY--TOPICAL TERM
Topical term or geographic name entry element Poetics.
Topical term or geographic name entry element Versification.
906 ## -
-- 7
-- cbc
-- orignew
-- 1
-- ocip
-- 19
-- y-gencatlg
Holdings
Withdrawn status Lost status Source of classification or shelving scheme Damaged status Not for loan Collection code Home library Current library Shelving location Serial Enumeration / chronology Inventory number Total Checkouts Full call number Barcode Date last seen Price effective from Koha item type Copy number
    Dewey Decimal Classification     Main TEST RTC Library RTC Library Main opac 8399   808.1 TUR 30009584 27/11/2018 27/11/2018 Main  
    Dewey Decimal Classification     Main TEST RTC Library RTC Library Main opac 9117   808.1 TUR 30009193 27/11/2018 27/11/2018 Main 2
Royal Thimphu College || All Right Reserved